000 00716nam a2200217 i 4500
001 128516
003 ES-MaACL
005 20251204171149.0
007 t|
008 070516s1967 sp ||||1| spa d
080 _a930.85(540)
100 1 _aTagore, Rabindranath,
_d1861-1941
_9109071
245 1 0 _aHacia el hombre universal /
_cRabindranath Tagore ; [Traducción de Inés Soriano ; revisión de José A. Bravo].
260 _aBarcelona :
_bSagitario,
_c[1967]
300 _a350 p. :
_bil. ;
_c21 cm.
651 4 _aIndia-
_xCivilización.
_98837
700 1 _aSoriano, Inés.
_9107379
700 _aBravo, José Antonio
_9198639
852 _aES-MaACL
_jC-32075
_bR.62682
999 _c128516
_d128516